000 00569nam a2200193Ia 4500
005 20260114185609.0
008 008 260114s9999 xx 000 0 eng d
020 _a9798216027485
037 _aEBOOK
040 _aCRL
_beng
_cCRL
041 _aeng
_2eng
084 _qCRL
100 _aLisa L. Beckenbaugh
_9872030
245 0 _aTreaty of Versailles A Primary Document Analysis
260 _bBloomsbury
_c2018
856 _uhttps://doi.org/10.5040/9798216027485?locatt=label:secondary_bloomsburyCollections
942 _cEBOOK
999 _c1470978
_d1470978